00885nab a22001817a 4500003000400000005001700004008004100021040000700062100002300069245010700092260007200199300001500271500003800286505013200324505008900456650002000545773013800565OSt20251230235711.0190605e xxu||||| |||| 00| 0 spa d cPJ aGabet, Emiliano A.13aEl pensamiento de "Enrique M. Falcón" : bsu incidencia en el derecho procesal /cEmiliano A. Gabet. aCiudad Autónoma de Buenos Aires :bThomson Reuters La Ley,c2024. ap. 201-210 aCita: TR LALEY AR/DOC/2093/2024  aSumario: I. Introducción.— II. Citas de su pensamiento en artículos de doctrina de su autoría.— III. Bibliografía.  t¿Te interesa el texto completo? Solicitalo al correo: koha@justierradelfuego.gov.ar 0aDERECHO LABORAL0 02711dCiudad Autónoma de Buenos Aires : Thomson Reuters La Ley, 1999-2002.tRevista de derecho del trabajo. Nº 5 - Septiembre 2024